Kluby Ekstraklasy i 1 Ligi - Statystyki

Ogólne statystyki
  • Ten quiz został rozwiązany 60 razy
  • Średni wynik to 31 z 36
Statystyki odpowiedzi
Klub % Poprawnych
{Arka} Gdynia
100%
{Wisła} Kraków
96%
{Wisła} Płock
96%
GKS {Katowice}
94%
{Legia} Warszawa
94%
{Górnik} Łęczna
92%
{Górnik} Zabrze
92%
{Lech} Poznań
92%
{Lechia} Gdańsk
90%
{Radomiak} Radom
90%
{Jagiellonia} Białystok
88%
{Pogoń} Grodzisk
88%
{Pogoń} Siedlce
88%
{Pogoń} Szczecin
88%
{Polonia} Bytom
88%
{Polonia} Warszawa
88%
{Stal} Mielec
88%
{Stal} Rzeszów
88%
{Bruk-Bet} Termalica Nieciecza
87%
{Cracovia} Kraków
87%
{Korona} Kielce
87%
ŁKS {Łódź}
87%
{Piast} Gliwice
87%
{Widzew} Łódź
87%
{Zagłębie} Lubin
87%
{Chrobry} Głogów
85%
{Puszcza} Niepołomice
85%
{Raków} Częstochowa
85%
{Ruch} Chorzów
85%
{Miedź} Legnica
83%
{Motor} Lublin
83%
{Odra} Opole
83%
{Znicz} Pruszków
83%
{Śląsk} Wrocław
81%
{Wieczysta} Kraków
75%
GKS {Tychy}
71%
Nie znaleziono quizów pasujących do podanych kryteriów
Rozkład punktacji
Procent ludzi z każdym wynikiem
Percentyl według liczby udzielonych odpowiedzi
Twoja historia wyników
Nie rozwiązałeś tego quizu